<An> Economic Strategy for Slovakia
Aplikácia teórie hospodárskej politiky na základe makroekonomického modelu. Ekonometrický model. Návrh makroekonomickej politiky pre Slovensko. Fiškálna politika. Menová politika.
Salvato in:
| Autore principale: | |
|---|---|
| Natura: | Capitolo di libro |
| Lingua: | inglese |
| Soggetti: | |
| Tags: |
Nessun Tag, puoi essere il primo ad aggiungerne!!
|
MARC
| LEADER | 00000naa a2200000 4500 | ||
|---|---|---|---|
| 001 | r015903 | ||
| 005 | 20221207124510.5 | ||
| 041 | 0 | |a eng | |
| 044 | |a SK | ||
| 245 | 1 | 0 | |a <An> Economic Strategy for Slovakia |c Jaroslav Husár |
| 520 | |a Aplikácia teórie hospodárskej politiky na základe makroekonomického modelu. Ekonometrický model. Návrh makroekonomickej politiky pre Slovensko. Fiškálna politika. Menová politika. | ||
| 610 | 2 | 0 | |a stratégia hospodárska |
| 610 | 2 | 0 | |a Slovensko |
| 610 | 2 | 0 | |a politika hospodárska |
| 610 | 2 | 0 | |a teórie ekonomické |
| 610 | 2 | 0 | |a modely ekonometrické |
| 610 | 2 | 0 | |a modely makroekonomické |
| 610 | 2 | 0 | |a makroekonomika |
| 610 | 2 | 0 | |a politika fiškálna |
| 610 | 2 | 0 | |a rozpočet štátny |
| 610 | 2 | 0 | |a politika menová |
| 100 | 1 | |a Husár, Jaroslav | |